000 00298nam a22001337a 4500
008 170714b xxu||||| |||| 00| 0 eng d
020 _a9781416533269
041 _aeng
080 _a038
100 _a24
101 _aFJA
245 _aWEBSTER'S NEW WORLD DICTIONARY
_cAGNES ,M
942 _2udc
_cBK
999 _c20870
_d20870